1186 1871 1226 1959 1018 1407 1939 1668 1369 1322 1101 1083 1069 1871 1224 1009 1948 1911 1781 1047 1445 1090 1979 1430 1473 1576 1415 1750 1469 1564 1046 1102 1454 1168 1883 1033 1670 1711 1882 1997 1893 1930 1231 1794 1299 1392 1931 1340 1508 1619 1725 1718 1776 1043 1570 1012 1613 1771 1621 1544 1922 1265 1430 1236 1113 1328 1507 1233 1475 1941 1318 1508 1896 1774 1843 1435 1253 1616 1305 1622 1707 1257 1997 1496 1769 1517 1390 1016 1303 1802 1108 1911 1938 1045 1378 1662 1619 1297 1411 BCNSPRNW ULIB Ver.6.0+V

เปลี่ยนเป็นภาษาไทย

Change to English
 แสดงรายละเอียดบรรณานุกรม
  กลับหน้าหลัก

Brief Record : Get Marc (ISO 2709) : E-mail record : QR code < ปิดหน้าต่าง
LEADER : 00000nam 2200000uu 4500
001    13399113696
003     ULIB
008    111219s2545||||th 000 0 tha d
020    ^a9747887215
060  4 ^aWA30^bล518บ 2545
245 00 ^aบทบาทของ อบต. :^bในงานส่งเสริมสุขภาพและอนามัยสิ่งแวดล้อม /^cลือชา วนรัตน์
250    ^aพิมพ์ครั้งที่ 2
260    ^aกรุงเทพฯ :^bสำนักงานวิชาการ กรมอนามัย ,^c2545
300    ^a150 หน้า :^bภาพประกอบ ;^c16ซม.
650  7 ^aอนามัยชนบท
650  7 ^aอนามัยสิ่งแวดล้อม
945    ^p0^l0^i12345
945    ^p0^l0^i12346
995    ^aกัณชพร
999    ^aใช้งานได้ทุกระบบ
รายการนี้ยังไม่มีแท็ก
คุณยังไม่ได้ล็อกอิน คุณสามารถมีกิจกรรมร่วมกับเว็บไซต์ได้ แต่ต้องล็อกอินก่อน ::
  ล็อกอิน

รายการสื่อสารสนเทศ

ลำดับที่ ประเภท เลขเรียก/บาร์โค้ด สถานที่ สถานะ
- ไม่พบข้อมูล -

รายการใกล้เคียง
    หัวเรื่อง [อนามัยชนบท]
    หัวเรื่อง [อนามัยสิ่งแวดล้อม]

BibComment


ยังไม่เคยถูกคอมเมนท์

คอมเมนท์ทรัพยากรรายการนี้
  คอมเมนท์: บทบาทของ อบต ใน..


 Copyright 2026. Bcnsprnw @Library